Soil organic matter : Analysis and interpretation
Spremljeno u:
| Format: | Knjiga |
|---|---|
| Jezik: | Undetermined |
| Izdano: |
Wisconsin, USA
Soil Science Society of America
1996
|
| Teme: | |
| Oznake: |
Dodaj oznaku
Bez oznaka, Budi prvi tko označuje ovaj zapis!
|
| Thư viện lưu trữ: | Trung tâm Học liệu Trường Đại học Cần Thơ |
|---|
| LEADER | 00487nam a2200181Ia 4500 | ||
|---|---|---|---|
| 001 | CTU_38494 | ||
| 008 | 210402s9999 xx 000 0 und d | ||
| 082 | |a 631.417 | ||
| 082 | |b S683 | ||
| 245 | 0 | |a Soil organic matter : | |
| 245 | 0 | |b Analysis and interpretation | |
| 260 | |a Wisconsin, USA | ||
| 260 | |b Soil Science Society of America | ||
| 260 | |c 1996 | ||
| 650 | |a Soils | ||
| 650 | |x Organic matter | ||
| 904 | |i Liên | ||
| 980 | |a Trung tâm Học liệu Trường Đại học Cần Thơ | ||